[Event "Hum na Sutli op 16th"]
[Site "Hum na Sutli"]
[Date "2024.08.21"]
[Round "6"]
[White "Gorup, Damir"]
[Black "Danicic, Anze"]
[Result "0-1"]
[WhiteElo "1924"]
[BlackElo "1842"]
[PlyCount "88"]
[EventDate "2024.08.17"]
[EventType "swiss"]
[EventRounds "9"]
[EventCountry "CRO"]
[SourceTitle "EXT 2025"]
[Source "ChessBase"]
[SourceDate "2024.10.14"]
[SourceVersion "1"]
[SourceVersionDate "2024.10.14"]
[SourceQuality "1"]

1. e4 e5 2. Nf3 Nc6 3. Bb5 g6 4. 0-0 Bg7 5. c3 d6 6. h3 a6 7. Ba4 Bd7 8. d4 Nf6 9. Re1 0-0 10. Nbd2 Re8 11. Bc2 Qe7 12. Nf1 Rad8 13. Ng3 exd4 14. cxd4 Nb4 15. Bb1 c5 16. d5 a5 17. a3 Na6 18. Bd3 b5 19. Bg5 h6 20. Bd2 a4 21. Bc3 c4 22. Bc2 Nc5 23. e5 dxe5 24. Bxe5 Bc8 25. d6 Qd7 26. Qd4 Ne6 27. Qd2 Bb7 28. Nd4 Ne4 29. Bxe4 Bxe5 30. Nxe6 Rxe6 31. Bxb7 Qxb7 32. Qxh6 Bg7 33. Qg5 Bf6 34. Qf4 Rdxd6 35. Ne4 Qe7 36. f3 Bxb2 37. Rab1 Bd4+ 38. Kf1 Rd5 39. Qb8+ Kg7 40. Rxb5 Qh4 41. Re2 Rxb5 42. Qxb5 Rxe4 43. Qxc4 Rxe2 44. Qxe2 Qf4 0-1

[Event "Hum na Sutli op 16th"]
[Site "Hum na Sutli"]
[Date "2024.08.18"]
[Round "3"]
[White "Crnjakovic, Tom"]
[Black "Gorup, Damir"]
[Result "1/2-1/2"]
[WhiteElo "1782"]
[BlackElo "1924"]
[PlyCount "44"]
[EventDate "2024.08.17"]
[EventType "swiss"]
[EventRounds "9"]
[EventCountry "CRO"]
[SourceTitle "EXT 2025"]
[Source "ChessBase"]
[SourceDate "2024.10.14"]
[SourceVersion "1"]
[SourceVersionDate "2024.10.14"]
[SourceQuality "1"]

1. e4 c5 2. Nf3 d6 3. d4 cxd4 4. Nxd4 Nf6 5. Nc3 a6 6. f3 g6 7. Be3 b5 8. Qd2 Nbd7 9. 0-0-0 Bb7 10. a3 Rc8 11. Kb1 Qc7 12. g4 Nb6 13. h4 h5 14. gxh5 Rxh5 15. Rg1 Nc4 16. Bxc4 Qxc4 17. Rg5 e5 18. Nb3 Ba8 19. Rxh5 Nxh5 20. Bh6 Be7 21. Bg5 Bf8 22. Bh6 Be7 1/2-1/2

[Event "Hum na Sutli op 11th"]
[Site "Hum na Sutli"]
[Date "2017.08.30"]
[Round "6"]
[White "Zufic, Miroslav"]
[Black "Gorup, Damir"]
[Result "1-0"]
[WhiteElo "2395"]
[BlackElo "1948"]
[PlyCount "62"]
[EventDate "2017.08.25"]
[EventType "swiss"]
[EventRounds "9"]
[EventCountry "CRO"]
[SourceTitle "EXT 2018"]
[Source "ChessBase"]
[SourceDate "2017.10.13"]
[SourceVersion "1"]
[SourceVersionDate "2017.10.13"]
[SourceQuality "1"]

1. e4 d6 2. d4 Nf6 3. Nc3 g6 4. Nf3 Bg7 5. h3 c5 6. dxc5 Qa5 7. Bd2 Qxc5 8. Bd3 a6 9. a4 0-0 10. a5 Be6 11. Na4 Qc6 12. Nd4 Qc7 13. Nb6 Nc6 14. Nxa8 Rxa8 15. Nxe6 fxe6 16. 0-0 Kh8 17. f4 Nh5 18. Ra2 Rf8 19. b4 Bd4+ 20. Kh2 d5 21. c3 Ba7 22. Qg4 dxe4 23. Bxe4 Nd8 24. Raa1 Qc4 25. Rae1 Bb8 26. Qe2 Qc7 27. g3 Nf6 28. Bf3 h5 29. h4 Qd7 30. Be3 Kh7 31. Bd4 Nd5 1-0

[Event "Krapina Regional Cup"]
[Site "Krapina"]
[Date "2016.02.28"]
[Round "5"]
[White "Zaja, Ivan"]
[Black "Gorup, Damir"]
[Result "1-0"]
[WhiteElo "2467"]
[BlackElo "1884"]
[PlyCount "37"]
[EventDate "2016.02.14"]
[EventType "team-swiss"]
[EventRounds "5"]
[EventCountry "CRO"]
[SourceTitle "CBM 171 Extra"]
[Source "ChessBase"]
[SourceDate "2016.04.26"]
[SourceVersion "1"]
[SourceVersionDate "2016.04.26"]
[SourceQuality "1"]

1. d4 Nf6 2. c4 c5 3. d5 b5 4. Nf3 g6 5. cxb5 a6 6. bxa6 Bxa6 7. Nc3 d6 8. e4 Bxf1 9. Kxf1 Nbd7 10. g3 Bg7 11. Kg2 0-0 12. Re1 Qb6 13. h3 Rfe8 14. Qc2 Qa6 15. a4 Rab8 16. Ra3 Rb7 17. Nb5 Nb6 18. Bd2 Nxa4 19. Nc3 1-0

[Event "Hum na Sutli op 7th"]
[Site "Hum na Sutli"]
[Date "2013.08.30"]
[Round "1"]
[White "Jovanovic, Zoran"]
[Black "Gorup, Damir"]
[Result "1-0"]
[WhiteElo "2529"]
[BlackElo "1937"]
[PlyCount "33"]
[EventDate "2013.08.30"]
[EventType "swiss"]
[EventRounds "9"]
[EventCountry "CRO"]
[SourceTitle "EXT 2015"]
[Source "ChessBase"]
[SourceDate "2014.11.20"]
[SourceVersion "1"]
[SourceVersionDate "2014.11.20"]
[SourceQuality "1"]

1. e4 d6 2. d4 Nf6 3. Nc3 g6 4. f4 Bg7 5. Nf3 0-0 6. e5 dxe5 7. fxe5 Nd5 8. Bc4 c6 9. 0-0 a6 10. Bb3 b5 11. Qe1 Bb7 12. Qh4 a5 13. Bh6 Na6 14. Ng5 f6 15. Ne6 g5 16. Qh5 Qe8 17. Qxe8 1-0

[Event "Hum na Sutli op"]
[Site "Hum na Sutli"]
[Date "2010.11.26"]
[Round "7"]
[White "Gorup, Damir"]
[Black "Tisljar, Stjepan"]
[Result "1-0"]
[WhiteElo "1999"]
[BlackElo "2066"]
[PlyCount "91"]
[EventDate "2010.11.20"]
[EventType "swiss"]
[EventRounds "9"]
[EventCountry "CRO"]
[SourceTitle "CBM 139 Extra"]
[Source "ChessBase"]
[SourceDate "2011.01.05"]
[SourceVersion "1"]
[SourceVersionDate "2011.01.05"]
[SourceQuality "1"]

1. e4 d6 2. d4 Nf6 3. Nc3 g6 4. h3 Bg7 5. Be3 0-0 6. Qd2 e5 7. 0-0-0 Nc6 8. d5 Nd4 9. Nge2 Re8 10. f3 Nxe2+ 11. Bxe2 Nh5 12. Bh6 Ng3 13. Rhg1 a6 14. Bd3 b5 15. Ne2 Nxe2+ 16. Bxe2 Qh4 17. Be3 f5 18. Bd3 f4 19. Bf2 Qh6 20. Qa5 c6 21. dxc6 Be6 22. Kb1 Bf8 23. Be2 Rec8 24. c7 Qg7 25. Bb6 Qd7 26. Rd2 Qc6 27. Rgd1 Bc4 28. b3 Bxe2 29. Rxe2 Kf7 30. Rd5 Be7 31. Red2 Ke6 32. R2d3 g5 33. Rc3 Qb7 34. a3 h5 35. Bf2 Kd7 36. Bb6 g4 37. hxg4 hxg4 38. a4 Rh8 39. axb5 Rh1+ 40. Kb2 Ke6 41. bxa6 Qc8 42. Qb5 Qh8 43. Qc4 Kf6 44. c8Q Rxc8 45. Qxc8 Qh4 46. Qf5+ 1-0

[Event "Hum na Sutli op"]
[Site "Hum na Sutli"]
[Date "2008.11.27"]
[Round "6"]
[White "Svrtan, Zlatko"]
[Black "Gorup, Damir"]
[Result "1/2-1/2"]
[WhiteElo "2057"]
[BlackElo "2044"]
[PlyCount "57"]
[EventDate "2008.11.22"]
[EventType "swiss"]
[EventRounds "9"]
[EventCountry "CRO"]
[SourceTitle "EXT 2010"]
[Source "ChessBase"]
[SourceDate "2010.11.25"]
[SourceVersion "1"]
[SourceVersionDate "2010.11.25"]
[SourceQuality "1"]

1. e4 c5 2. Nf3 d6 3. d4 cxd4 4. Nxd4 Nf6 5. Nc3 a6 6. Be3 e6 7. Be2 b5 8. a3 Bb7 9. f3 Be7 10. 0-0 0-0 11. Qe1 Qc7 12. Qg3 Kh8 13. Bd3 Nbd7 14. Rad1 Ne5 15. Kh1 Nc4 16. Bxc4 Qxc4 17. Nb3 Qc7 18. Rd2 Rac8 19. Bd4 e5 20. Be3 Ne8 21. Qf2 f5 22. Bb6 Qb8 23. Nd5 Bxd5 24. exd5 Bd8 25. Bxd8 Rxd8 26. Na5 Qc7 27. b4 Nf6 28. Qe2 g5 29. Qd3 1/2-1/2